Groupes de choses - Pays #2 - Statistiques

Statistiques générales
  • Ce quiz a été pris 5 529 fois
  • Le résultat moyen est 29 sur 45
Statistiques - réponses
Groupe Réponse % Correct
Pays de moins de 100 km² Vatican
96%
Pays commençant par V Vatican
96%
Pays ayant le néerlandais comme langue officielle Pays-Bas
94%
Pays se terminant en "-stan" Pakistan
92%
Pays se terminant en "-stan" Kazakhstan
91%
Pays de la Cordillère des Andes Venezuela
91%
Ayant le baseball pour sport le plus populaire Venezuela
91%
Pays commençant par V Venezuela
91%
Monarchies scandinaves Norvège
89%
Pays se terminant en "-stan" Ouzbékistan
89%
Monarchies scandinaves Suède
89%
Pays se terminant en "-stan" Turkménistan
88%
Pays se terminant en "-stan" Afghanistan
87%
Pays de la Cordillère des Andes Chili
87%
Monarchies scandinaves Danemark
87%
Pays de la Cordillère des Andes Argentine
86%
Pays se terminant en "-stan" Kirghizistan
84%
Pays de la Cordillère des Andes Pérou
84%
Pays de la Cordillère des Andes Colombie
83%
Pays de moins de 100 km² Monaco
83%
Pays de la Cordillère des Andes Bolivie
80%
Pays de moins de 100 km² Saint-Marin
80%
Pays se terminant en "-stan" Tadjikistan
80%
Pays de la Cordillère des Andes Equateur
77%
Pays du Golfe du Bengale Inde
71%
Pays commençant par V Vanuatu
66%
Pays ayant le néerlandais comme langue officielle Belgique
65%
Pays du Golfe du Bengale Sri Lanka
56%
Pays du Golfe du Bengale Bangladesh
55%
Pays commençant par V Viêt Nam
53%
Pays du Golfe du Bengale Birmanie
50%
Ayant le baseball pour sport le plus populaire Japon
46%
Pays bordant le lac Victoria Kenya
46%
Pays bordant le lac Victoria Tanzanie
42%
Pays du Golfe du Bengale Indonésie
40%
Pays ayant le néerlandais comme langue officielle Suriname
37%
Pays bordant le lac Victoria Ouganda
36%
Pays de moins de 100 km² Nauru
30%
Ayant le baseball pour sport le plus populaire Corée du Sud
26%
Ayant le baseball pour sport le plus populaire Panama
24%
Ayant le baseball pour sport le plus populaire Cuba
23%
Pays de moins de 100 km² Tuvalu
21%
Ayant le baseball pour sport le plus populaire Taiwan
15%
Ayant le baseball pour sport le plus populaire Nicaragua
11%
Ayant le baseball pour sport le plus populaire République Dominicaine
10%
Aucun quiz correspondant
Distribution des résultats
% des personnes avec chaque résultat
Percentile par nombre de réponses
Votre historique - résultats
Vous n’avez pas pris ce quiz